SUNY Schools - Sudden Death - Statistics

General Stats
  • This quiz has been taken 88 times
  • The average score is 8 of 13
Answers on the Grid
Answers color-coded by a green-red scale on the quiz's grid according to % correct below.
Albany
Bard
Baruch
Binghamton
Brockport
Buffalo
Clarkson
Colgate
Columbia
Cornell
Cortland
Daemen
Fredonia
Geneseo
Hunter
Ithaca
Marist
Nazareth
New Paltz
NYU
Oneonta
Oswego
Pace
Plattsburgh
Potsdam
RIT
Rochester
RPI
St. John Fisher
Stony Brook
Syracuse
West Point
 
Answer Stats
Answer % Correct
Albany
86%
Buffalo
81%
Binghamton
67%
Brockport
61%
Cortland
58%
Oneonta
56%
Plattsburgh
54%
Oswego
53%
Geneseo
51%
New Paltz
51%
Stony Brook
51%
Potsdam
44%
Fredonia
42%
No matching quizzes found
Score Distribution
Percent of People with Each Score
Percentile by Number Answered
Your Score History
You have not taken this quiz